1628 1316 1852 1687 1863 1833 1003 1436 1207 1405 1987 1456 1632 1561 1116 1161 1448 1258 1779 1933 1580 1225 1109 1613 1533 1071 1555 1140 1353 1598 1258 1213 1237 1007 1417 1657 1706 1581 1544 1132 1212 1596 1731 1955 1437 1553 1312 1403 1237 1565 1351 1653 1104 1872 1427 1724 1206 1407 1055 1020 1915 1187 1339 1776 1000 1232 1562 1408 1117 1313 1282 1185 1356 1426 1955 1904 1020 1095 1682 1938 1211 1034 1054 1440 1721 1717 1791 1492 1494 1559 1366 1318 1555 1747 1285 1920 1854 1270 1395 BCNSPRNW ULIB Ver.6.0+V

เปลี่ยนเป็นภาษาไทย

Change to English
 แสดงรายละเอียดบรรณานุกรม
  กลับหน้าหลัก

Brief Record : Get Marc (ISO 2709) : E-mail record : QR code < ปิดหน้าต่าง
LEADER : 00000nam 2200000uu 4500
001    13399127831
003     ULIB
008    211008s2564||||th 000 0 tha d
020    ^a9789740339991
060  0 ^aWT100^bส838ก
100 0  ^aสุภาภรณ์ สุดหนองบัว,^eผู้แต่ง
245 10 ^aการดูแลผู้สูงอายุ :^bสถานการณ์และคุณภาพชีวิต /^cสุภาภรณ์ สุดหนองบัว
250    ^aพิมพ์ครั้งที่ 1
260    ^aกรุงเทพฯ :^bสำนักพิมพ์จุฬาลงกรณ์มหาวิทยาลัย,^c2564
300    ^a218 หน้า :^bแผนภูมิ ;^c26 ซม
505 2  ^aสถานการณ์ของจำนวนผู้สูงอายุทั้งในระดับโลกและระดับประเทศ --ความหมายและความสำคัญของการดูแลผู้สูงอายุ --รูปแบบการดูแลผู้สูงอายุของชาติตะวันตกและเอเชีย -- คุณภาพชีวิตผู้สูงอายุ --การปรับตัวของผู้สูงอายุต่อการเปลี่ยนแปลงทางสังคม --การจัดที่อยู่อาศัยของผู้สูงอายุ --ผลกระทบของการย้ายถิ่นของบุตรต่อความรู้สึกของพ่อแม่ที่สูงอายุ --แรงสนับสนุนทางสังคมในผู้สูงอายุ --ความต้องการและความคาดหวังของผู้สูงอายุ --ภาวะเศรษฐกิจในผู้สูงอายุและการจัดสวัสดิการผู้สูงอายุในประเทศไทย
650  7 ^aผู้สูงอายุ^xการดูแล
650  7 ^aผู้สูงอายุ^xสุขภาพและอนามัย
945    ^p250^l0^i28948
945    ^p250^l0^i28949
945    ^p250^l0^i28950
999    ^aกัณชพร จุลอักษร
รายการนี้ยังไม่มีแท็ก
คุณยังไม่ได้ล็อกอิน คุณสามารถมีกิจกรรมร่วมกับเว็บไซต์ได้ แต่ต้องล็อกอินก่อน ::
  ล็อกอิน

รายการสื่อสารสนเทศ

ลำดับที่ ประเภท เลขเรียก/บาร์โค้ด สถานที่ สถานะ
1. หนังสือสำรอง
หนังสือสำรอง
WT100 ส838ก ฉ.1 
  Barcode: 28948
ห้องสมุดวิทยาเขตนครสวรรค์
►หนังสือทั่วไป:l:General Books
บนชั้น
2. วิทยาศาสตร์การแพทย์ และสุขภาพ
วิทยาศาสตร์การแพทย์ และสุขภาพ
WT100 ส838ก ฉ.2 
  Barcode: 28949
ห้องสมุดวิทยาเขตนครสวรรค์
►หนังสือทั่วไป:l:General Books
บนชั้น
3. วิทยาศาสตร์การแพทย์ และสุขภาพ
วิทยาศาสตร์การแพทย์ และสุขภาพ
WT100 ส838ก ฉ.3 
  Barcode: 28950
ห้องสมุดวิทยาเขตนครสวรรค์
►หนังสือทั่วไป:l:General Books
บนชั้น

รายการใกล้เคียง
    หัวเรื่อง [ผู้สูงอายุ การดูแล]

BibComment


ยังไม่เคยถูกคอมเมนท์

คอมเมนท์ทรัพยากรรายการนี้
  คอมเมนท์: การดูแลผู้สูงอาย..


 Copyright 2026. Bcnsprnw @Library